|
|
|
|
| LEADER |
00000nas a2200000 a 4500 |
| 001 |
ssj0037929 |
| 003 |
WaSeSS |
| 005 |
20200512172242.0 |
| 006 |
m d |
| 007 |
cr n |
| 008 |
930216d19932005enkmr p sa 0 a0eng c |
| 010 |
|
|
|a sn 93038267
|
| 016 |
7 |
|
|a 9309183
|2 DNLM
|
| 016 |
7 |
|
|a SR0075845
|2 DNLM
|
| 022 |
|
|
|l 0968-5480
|y 0968-5480
|
| 035 |
|
|
|a (WaSeSS)ssj0037929
|
| 037 |
|
|
|b Taylor & Francis Ltd, 4 Park Square, Milton Park, Abingdon OX14 4RN, UK
|
| 040 |
|
|
|a UkNcU
|b eng
|c UkNcU
|d DNLM
|d NSDP
|d DLC
|d EbpS
|d NL-LeOCL
|d DNLM
|d OCoLC
|d OCLCF
|d OCLCO
|d OCoLC
|d WaSeSS
|
| 042 |
|
|
|a nsdp
|a pcc
|
| 050 |
0 |
0 |
|a RC607.A26
|b A347427
|
| 060 |
0 |
0 |
|a ZWD 308
|b A28772
|
| 082 |
0 |
0 |
|a 616.97/92
|2 20
|
| 130 |
0 |
|
|a AIDS abstracts (Abingdon, England)
|
| 210 |
0 |
|
|a AIDS abstr.
|
| 222 |
|
0 |
|a AIDS abstracts
|
| 245 |
1 |
0 |
|a AIDS abstracts
|h [electronic resource] :
|b international literature on acquired immunodeficiency syndrome and related retroviruses.
|
| 260 |
|
|
|a Abingdon, Oxfordshire, U.K. :
|b Carfax Pub. Co.,
|c ©1993-
|
| 310 |
|
|
|a Monthly
|
| 362 |
0 |
|
|a Vol. 9, no. 1 (Jan. 1993)-
|
| 362 |
1 |
|
|a Ceased with v. 21, no. 11/12 (Nov./Dec. 2005).
|
| 500 |
|
|
|a Title from cover.
|
| 500 |
|
|
|a Published by Taylor & Francis, <Jan. 2003->
|
| 506 |
|
|
|a License restrictions may limit access.
|
| 550 |
|
|
|a Compiled by Oncology Information Service, University of Leeds.
|
| 588 |
|
|
|a Latest issue consulted: Vol. 19, no. 2 (Feb. 2003).
|
| 650 |
|
0 |
|a AIDS (Disease)
|v Abstracts
|v Periodicals.
|
| 650 |
|
0 |
|a HIV infections
|v Abstracts
|v Periodicals.
|
| 650 |
|
0 |
|a Retrovirus infections
|v Abstracts
|v Periodicals.
|
| 650 |
|
2 |
|a Acquired Immunodeficiency Syndrome.
|
| 650 |
|
2 |
|a HIV Infections.
|
| 650 |
|
2 |
|a Retroviridae.
|
| 650 |
|
2 |
|a Retroviridae Infections.
|
| 650 |
|
7 |
|a AIDS (Disease)
|2 fast
|0 (OCoLC)fst00793808
|
| 650 |
|
7 |
|a HIV infections.
|2 fast
|0 (OCoLC)fst00949871
|
| 650 |
|
7 |
|a Retrovirus infections.
|2 fast
|0 (OCoLC)fst01096403
|
| 650 |
1 |
7 |
|a AIDS.
|2 gtt
|
| 650 |
1 |
7 |
|a Virologie.
|2 gtt
|
| 655 |
|
0 |
|a Electronic journals.
|
| 710 |
2 |
|
|a University of Leeds.
|b Oncology Information Service.
|
| 780 |
0 |
0 |
|t AIDS information
|x 0953-1580
|w (DLC) 92660011
|w (OCoLC)18127867
|
| 850 |
|
|
|a DLC
|a DNLM
|
| 856 |
4 |
0 |
|z Full text available from Research Library: 10/01/1998 to 11/30/2000
|u https://search.proquest.com/publication/32744
|